000
00334nam a2200133Ia 4500
008
220923s9999 xx 000 0 und d
082
_b
BAR
100
_a
BARE ACT
245
4
_a
THE CODE OF CIVIL PROCEDURE 1908
260
_b
UNIVERSAL LAW PUBLISHING, DELHI
_c
2021
300
_a
331
650
_a
Civil Procedure Code
942
_c
BK
999
_c
198478
_d
198478